<?xml version="1.0" encoding="UTF-8"?><?xml-stylesheet type="text/xsl" href="static/style.xsl"?><OAI-PMH xmlns="http://www.openarchives.org/OAI/2.0/" xmlns:xsi="http://www.w3.org/2001/XMLSchema-instance" xsi:schemaLocation="http://www.openarchives.org/OAI/2.0/ http://www.openarchives.org/OAI/2.0/OAI-PMH.xsd"><responseDate>2026-04-18T07:36:48Z</responseDate><request verb="GetRecord" identifier="oai:riubu.ubu.es:10259/10195" metadataPrefix="marc">https://riubu.ubu.es/oai/request</request><GetRecord><record><header><identifier>oai:riubu.ubu.es:10259/10195</identifier><datestamp>2025-07-28T07:49:33Z</datestamp><setSpec>com_10259_3844</setSpec><setSpec>com_10259_5086</setSpec><setSpec>com_10259_2604</setSpec><setSpec>col_10259_3845</setSpec></header><metadata><record xmlns="http://www.loc.gov/MARC21/slim" xmlns:doc="http://www.lyncode.com/xoai" xmlns:xsi="http://www.w3.org/2001/XMLSchema-instance" xmlns:dcterms="http://purl.org/dc/terms/" xsi:schemaLocation="http://www.loc.gov/MARC21/slim http://www.loc.gov/standards/marcxml/schema/MARC21slim.xsd">
<leader>00925njm 22002777a 4500</leader>
<datafield tag="042" ind1=" " ind2=" ">
<subfield code="a">dc</subfield>
</datafield>
<datafield tag="720" ind1=" " ind2=" ">
<subfield code="a">Olmo Alonso, Fabiola</subfield>
<subfield code="e">author</subfield>
</datafield>
<datafield tag="720" ind1=" " ind2=" ">
<subfield code="a">Colina Santamaría, Álvaro</subfield>
<subfield code="e">author</subfield>
</datafield>
<datafield tag="720" ind1=" " ind2=" ">
<subfield code="a">Heras Vidaurre, Aránzazu</subfield>
<subfield code="e">author</subfield>
</datafield>
<datafield tag="260" ind1=" " ind2=" ">
<subfield code="c">2024-03</subfield>
</datafield>
<datafield tag="520" ind1=" " ind2=" ">
<subfield code="a">UV–Vis absorption spectroelectrochemistry has been selected as a suitable multiresponse technique to determine&#xd;
the fluoroquinolone ofloxacin in urine samples without any previous pretreatment. Due to the modification of the&#xd;
working electrode surface during the oxidation of this antibiotic, the electrode has to be replaced or polished&#xd;
between measurements. A new spectroelectrochemistry cell has been developed, which allows in an simple way&#xd;
to perform reproducible experiments with different screen-printed electrodes. The new cell has been used to&#xd;
perform analysis in a complex matrix such as urine. Due to the trilinear character of the spectroelectrochemical&#xd;
data, PARAFAC has been used to determine ofloxacin with very good figures of merit, demonstrating the&#xd;
capability of trilinear methods to avoid the influence of some interfering compounds.</subfield>
</datafield>
<datafield tag="024" ind2=" " ind1="8">
<subfield code="a">0026-265X</subfield>
</datafield>
<datafield tag="024" ind2=" " ind1="8">
<subfield code="a">http://hdl.handle.net/10259/10195</subfield>
</datafield>
<datafield tag="024" ind2=" " ind1="8">
<subfield code="a">10.1016/j.microc.2024.110186</subfield>
</datafield>
<datafield ind1=" " ind2=" " tag="653">
<subfield code="a">Ofloxacin</subfield>
</datafield>
<datafield ind1=" " ind2=" " tag="653">
<subfield code="a">Urine</subfield>
</datafield>
<datafield ind1=" " ind2=" " tag="653">
<subfield code="a">Spectroelectrochemistry</subfield>
</datafield>
<datafield ind1=" " ind2=" " tag="653">
<subfield code="a">Multivariate analysis</subfield>
</datafield>
<datafield tag="245" ind1="0" ind2="0">
<subfield code="a">Determination of ofloxacin in urine using UV/Vis absorption spectroelectrochemistry</subfield>
</datafield>
</record></metadata></record></GetRecord></OAI-PMH>